[Event "47th GER-ch Blitz 2020"]
[Site "Magdeburg"]
[Date "2020.08.15"]
[Round "21.4"]
[White "Koch, Thomas"]
[Black "Barzen, Pascal"]
[Result "1/2-1/2"]
[WhiteElo "2461"]
[BlackElo "2321"]
[Annotator "TA"]
[PlyCount "125"]
[EventDate "2020.07.28"]
[EventType "tourn"]
[EventCountry "GER"]
[SourceTitle "playchess.com"]
[Source "ChessBase"]
[SourceQuality "1"]

{[%evp 20,125,8,9,11,10,17,11,12,14,37,28,53,47,79,73,81,80,93,91,81,37,25,40,41,35,37,0,24,23,71,74,60,62,112,85,97,91,90,92,79,83,226,0,67,74,92,67,65,53,300,0,0,0,0,0,0,0,22,27,62,18,18,-7,36,29,37,17,27,0,140,0,95,91,83,0,171,0,0,-521,-525,-478,-476,-29980,-29981,-29981,-29980,-29980,-29981,-29981,-29981,-12839,0,-12841,0,-645,-614,-480,0,-134,0,0,0,0,0,0,0,0]} 1. d4 Nf6 2. c4 e6 3. Nf3 Bb4+ 4. Bd2 a5 5. g3 b6 6. Bg2 Bb7 7. O-O O-O 8. Nc3 d6 9. a3 Bxc3 10. Bxc3 Nbd7 {was the old line (10...a4).} 11. b3 Ne4 {E16: Queen's Indian: 4 g3 Bb7 5 Bg2 Bb4+.} 12. Bb2 f5 13. Ne1 {[#]} Rb8 $146 ({Predecessor:} 13... Qg5 14. Qd3 Ra7 15. Nf3 Qh5 16. Bc1 h6 {½-½ (16) Pereda de Pablo,E (2108)-Perez Gutierrez,N (2049) Tenerife 2016}) 14. Nd3 Nef6 15. Nf4 Qe7 16. d5 $1 e5 17. Ne6 Rfc8 18. f4 $1 e4 19. Nd4 g6 20. Qc2 c6 21. dxc6 Bxc6 22. Nxc6 Rxc6 23. Qd2 a4 24. bxa4 Rxc4 25. Rfc1 $1 {[%cal Rc1c4]} Rbc8 26. e3 d5 27. Bf1 Rxc1 28. Rxc1 Rxc1 29. Qxc1 Kf7 30. Bd4 $1 Nc5 {[#]} (30... Qd6 $16) 31. Qc2 $2 (31. a5 $1 $18 {[%mdl 512]}) 31... Nfd7 (31... Ne6 $1 $11) 32. Bb5 $14 h5 33. Qa2 Qd6 34. Qd2 Nb3 $2 (34... Ne6 $14) 35. Qc3 $2 (35. Qb4 $18 Qxb4 36. axb4) 35... Nxd4 $11 36. Qxd4 Nf6 37. Qc3 Ke7 38. h3 Qe6 39. Qc7+ Kf8 40. Kf2 d4 41. Bc4 $132 {[%mdl 2048] White has counterplay} Qe7 42. Qxb6 dxe3+ 43. Qxe3 {a5 is the strong threat.} Kg7 44. Qc3 Qc5+ {[#]} (44... Qa7+ $11 {keeps the balance.} 45. Kg2 Qxa4) 45. Kg2 (45. Ke2 $1 $16) 45... Qd6 (45... Qc6 $11) 46. a5 $16 {And now a6 would win.} h4 47. Qb4 ({But not} 47. gxh4 $6 Qxf4 48. Bf1 e3 $14) (47. a6 $16 hxg3 48. Kxg3) 47... Qd4 $2 (47... Qd1 $11 48. Qc3 Kh7 49. gxh4 (49. Qxf6 Qf3+ 50. Kg1 Qe3+ 51. Kf1 Qc1+ 52. Kg2 Qd2+ 53. Kh1 Qe1+ 54. Kg2 Qd2+ 55. Kg1 Qe3+ 56. Kf1 Qc1+ 57. Kg2 Qd2+ $11) 49... Nh5) 48. Be2 $2 ({White has to play} 48. gxh4 $18 {Hoping for a6.} Kh6 49. a6) 48... Qe3 $11 {[%mdl 64] Double Attack} 49. Qb7+ $2 {[%mdl 8192] [#]} (49. Qe7+ $11 Kh6 50. Qf8+ Kh7 51. Qf7+ Kh6 52. Qf8+ Kh7 53. Qf7+ Kh6 54. Qf8+) 49... Kh6 $1 $19 {[%mdl 512]} 50. Qb2 Qxg3+ 51. Kh1 (51. Kf1 $19 Qxh3+ 52. Ke1 Qg3+ 53. Kd1) 51... Qxh3+ 52. Kg1 Qg3+ 53. Kh1 h3 {[%csl Gh3][%cal Rg3g2]} 54. Bf1 Qf3+ 55. Kg1 Qg3+ 56. Kh1 $1 Kg7 $2 (56... e3 $19 57. a4 e2 58. Qxe2 Ng4 59. Bxh3 Nf2+ 60. Qxf2 Qxf2) 57. a6 $2 {[%mdl 8192]} (57. Qb7+ $11 Kh6 58. Qb2) 57... Qf3+ 58. Kg1 Qg3+ $2 (58... Qxf4 $19 {has better winning chances. aiming for ...Qg3+.} 59. Qf2 Qc1) 59. Kh1 $17 Kh7 (59... Qe1 $17 60. Qe2 Qg3 61. Qb2) 60. Qxf6 $11 {The position is equal.} Qf3+ {[%mdl 64] Double Attack} 61. Kg1 Qg3+ 62. Kh1 Qf3+ {[%mdl 64] Double Attack} 63. Kg1 {Accuracy: White = 68%, Black = 63%.} 1/2-1/2

[Event "47th GER-ch Blitz 2020"]
[Site "Magdeburg"]
[Date "2020.08.15"]
[Round "21.5"]
[White "Svane, Rasmus"]
[Black "Baskin, Robert"]
[Result "1-0"]
[WhiteElo "2613"]
[BlackElo "2390"]
[Annotator "TA"]
[PlyCount "89"]
[EventDate "2020.07.28"]
[EventType "tourn"]
[EventCountry "GER"]
[SourceTitle "playchess.com"]
[Source "ChessBase"]
[SourceQuality "1"]

{[%evp 16,89,78,18,39,20,31,25,58,29,33,31,33,0,0,-23,-22,-29,-20,-47,-7,-6,76,81,71,81,129,138,139,125,105,69,118,96,203,181,258,257,443,436,437,407,427,376,334,305,396,388,587,577,561,549,945,938,1185,1173,1104,1008,1104,1095,5473,5701,5402,2748,1658,915,897,913,912,907,877,874,899,885,833,786]} 1. Nf3 g6 2. e4 Bg7 3. d4 d6 4. Bd3 Nf6 5. O-O O-O 6. c3 Nc6 7. Re1 e5 8. h3 Re8 9. Nbd2 (9. d5 $16 Ne7 10. c4) 9... Nh5 {[%cal Re5d4] B07: Pirc Defence: Miscellaneous Systems.} 10. Nb3 h6 11. Be3 Qf6 {White has an edge.} 12. a4 Nf4 {[#]} 13. Bb5 $146 ({Predecessor:} 13. Bxf4 Qxf4 14. Bc2 exd4 15. cxd4 Nb4 16. Bb1 a5 17. Nc1 b6 18. Nd3 Nxd3 19. Bxd3 {1-0 (33) Vujovic,M (2270)-Laketic,G (2405) Pisignano di Vernole 1998}) 13... a6 14. Bf1 (14. Bxc6 $5 bxc6 15. dxe5 dxe5 16. Bxf4 exf4 17. e5 $14) 14... exd4 15. Bxd4 Nxd4 16. cxd4 Bd7 17. Rc1 Rac8 18. Na5 b6 (18... d5 $11 {remains equal.}) 19. Nc6 $16 Bxc6 20. Rxc6 Ne6 {[%cal Re6d4]} 21. e5 dxe5 22. dxe5 Qd8 23. Bxa6 Ra8 24. Bb5 Qe7 (24... Qxd1 $16 25. Rxd1 Rad8) 25. Qc2 Red8 (25... Kh8 $142 26. Rxe6 Qxe6 27. Bxe8 (27. Qxc7 Rac8 $14) 27... Rxe8 28. Qxc7 Re7) 26. Bc4 $18 Kh7 $2 {[#]} (26... Nd4 27. Nxd4 Rxd4) 27. Bxe6 fxe6 28. Rxc7 Rd7 29. Rxd7 Qxd7 30. Nh4 Qf7 31. Re3 Rd8 (31... Ra5 $142 32. Rf3 Qe8) 32. Rf3 {White is clearly winning.} Qe8 33. Rg3 Bxe5 34. Rxg6 {[#] Rg4+ is the strong threat.} Kh8 35. Rxh6+ Kg7 36. Qh7+ Kf8 37. g3 {White wants to mate with Ng6+.} Bg7 38. Ng6+ Kf7 39. Ne5+ Kf8 40. Rf6+ Bxf6 41. Ng6+ Qxg6 42. Qxg6 Ke7 43. Qh7+ Kf8 44. Qe4 Ke7 45. Qb4+ {Accuracy: White = 79%, Black = 36%.} 1-0

[Event "47th GER-ch Blitz 2020"]
[Site "Magdeburg"]
[Date "2020.08.15"]
[Round "21.6"]
[White "Reichmann, Hendrik"]
[Black "Ehmann, Thilo"]
[Result "1-0"]
[WhiteElo "2348"]
[BlackElo "2329"]
[Annotator "TA"]
[PlyCount "75"]
[EventDate "2020.07.28"]
[EventType "tourn"]
[EventCountry "GER"]
[SourceTitle "playchess.com"]
[Source "ChessBase"]
[SourceQuality "1"]

{[%evp 15,75,0,16,0,2,0,0,0,26,-23,-8,-15,28,12,69,85,82,79,156,123,157,152,170,110,107,102,109,98,160,130,612,609,653,643,637,639,636,635,643,646,613,421,418,417,434,437,494,487,483,468,562,448,514,503,493,479,628,646,785,709,29992,29993]} 1. d4 Nf6 2. Bf4 g6 3. e3 Bg7 4. Nf3 O-O 5. Be2 d6 6. h3 b6 7. O-O Bb7 8. a4 a6 9. c3 {A48: 1 d4 Nf6 2 Nf3 g6: Torre, London and Colle Systems.} Nbd7 10. Bh2 Re8 11. b4 {The position is equal.} c5 12. Na3 {[%cal Bb1a3,Ba3b5,Bb5c7][%mdl 32] [#]} Rc8 $146 ({Predecessor:} 12... Ne4 13. Qb3 cxb4 14. cxb4 Ndf6 15. Rac1 g5 16. Bc4 Rf8 17. Rc2 h5 18. Nb1 Qd7 {0-1 (31) Vangsgaard,B (1987)-Sukovic,A (2306) Tarvisio 2017}) 13. bxc5 dxc5 14. Qb3 Bd5 (14... Ne4 $11) 15. Qb2 $1 $14 cxd4 16. cxd4 a5 (16... Bb7 $142) 17. Nb5 $16 Ne4 18. Rac1 {[#] Bc7 is the strong threat.} Ndc5 19. Qa3 ({Better is} 19. Ne5 $18) 19... Na6 20. Rxc8 Qxc8 21. Rc1 Qd7 (21... Qf5 $142) 22. Nc7 $36 {[%mdl 2048] Keeping Black busy.} Nb4 $2 {[%mdl 8192] This costs Black the game.} (22... Nxc7 $16 23. Rxc7 (23. Bxc7 Rc8 $16) 23... Qf5) 23. Bb5 $18 {[%mdl 64] [#] Skewer} Bc6 24. Rxc6 Nxc6 25. Nxe8 Qxe8 26. Qc1 Nxd4 27. Nxd4 ({Less strong is} 27. Bxe8 Ne2+ 28. Kf1 Nxc1 $14) 27... Qa8 28. Bc6 Qc8 29. Qc2 Nc5 {intending ...e5.} 30. Bb5 e5 31. Nc6 {Hoping for Ne7+.} Qe6 32. Bg3 h5 33. h4 Qd6 34. Kh2 Kh7 35. Qc4 f5 36. Qf7 Ne4 37. Bxe5 Qxe5+ 38. Nxe5 {Accuracy: White = 81%, Black = 40%.} 1-0

[Event "47th GER-ch Blitz 2020"]
[Site "Magdeburg"]
[Date "2020.08.15"]
[Round "21.7"]
[White "Svane, Frederik"]
[Black "Braun, Georg"]
[Result "1/2-1/2"]
[WhiteElo "2421"]
[BlackElo "2360"]
[Annotator "TA"]
[PlyCount "142"]
[EventDate "2020.07.28"]
[EventType "tourn"]
[EventCountry "GER"]
[SourceTitle "playchess.com"]
[Source "ChessBase"]
[SourceQuality "1"]

{[%evp 15,142,-12,-18,-9,-12,-44,-37,-46,-26,-26,-20,-39,-36,-56,-19,-27,0,-33,-20,-34,-28,-50,31,38,20,11,32,13,60,21,52,53,110,0,0,-114,-111,-140,-133,-259,-148,-143,32,38,56,-32,-37,-75,28,14,29,36,40,47,68,0,0,0,0,0,114,112,84,49,296,0,25,-32,-4,-12,0,-40,-27,-47,-40,-50,0,0,0,-79,-14,-91,-51,-168,-139,-232,-74,-62,-62,-62,-62,-75,0,0,0,0,154,106,107,18,8,-36,-38,-39,-39,-39,-39,-39,-39,-39,-2,-99,-39,-39,-2,-39,0,0,0,0,0,0,0,0,0,0,0,0,0]} 1. e4 c6 2. Nf3 d5 3. Nc3 Bg4 4. h3 Bxf3 5. Qxf3 e6 6. d3 Nf6 7. g3 Bb4 8. Bd2 d4 9. Nb1 $1 {B11: Caro-Kann: Two Knights Variation.} Qb6 10. c3 Bc5 11. b3 {[#] Black is slightly better.} dxc3 $146 ({Predecessor:} 11... a5 12. Bg2 Nbd7 13. O-O O-O 14. g4 Rfd8 15. g5 Ne8 16. Qg3 Bd6 17. Bf4 Bxf4 18. Qxf4 {1-0 (47) Maltsevskaya,A (2272)-Charkhalashvili,I (2276) chess24.com INT 2020}) 12. Nxc3 {Hoping for Na4.} Bd4 13. Bg2 Nbd7 14. O-O O-O 15. Qe2 e5 16. Kh1 Rad8 17. f4 Rfe8 18. Rad1 Nf8 (18... Nc5 $15) 19. f5 $14 h6 20. g4 N6h7 21. h4 f6 22. Qf3 Rd7 23. Ne2 Red8 (23... Bc5 $14) 24. Qg3 (24. Nxd4 $16 Qxd4 25. Be1) 24... Bc5 $11 25. Bc1 (25. Rf3 $11) 25... Qa6 $17 {[%cal Rd7d3]} 26. Rf3 Qxa2 {[%mdl 64] Double Attack} 27. g5 (27. d4 $17 {keeps fighting.}) 27... Qxe2 ({Black should play} 27... hxg5 $19 28. hxg5 Nxg5 29. Bxg5 fxg5) 28. Rd2 {[#]} Qxf3 $2 (28... Bf2 $1 $17 {aiming for ...Qe1+.} 29. Qxf2 (29. Rxf2 Qe1+) 29... Qxf2 30. Rdxf2 hxg5 31. hxg5 Nxg5 32. Bxg5 fxg5) 29. Qxf3 $14 {Strongly threatening g6.} hxg5 30. hxg5 (30. Bf1 $1 $14) 30... Nxg5 $15 31. Qg3 Rd4 (31... g6 $17 {And now ...Rh7+ would win.} 32. Bf1 Rg7) 32. Bf1 $11 Nfh7 33. Rh2 Bf8 34. Rh5 Rb4 35. Bxg5 (35. Qh2 $14) 35... Nxg5 36. Rxg5 fxg5 37. Qxe5 Rbd4 (37... Rd6 $1 $11) 38. Qe6+ $1 $16 {[%mdl 1024] White has strong compensation.} Kh8 39. Qg6 Be7 $2 {[#]} (39... R4d6 $14 40. Qxg5 Rh6+ 41. Kg2 Re8) 40. Kg2 $2 (40. f6 $1 $18 {[%mdl 512]} Bxf6 41. Bh3) 40... Bf6 41. Kf3 (41. Qf7 $11) 41... a5 42. Qf7 $1 R4d7 43. Qe6 Re7 44. Qc4 Rd4 45. Qc5 a4 46. bxa4 Rxa4 47. Qb6 (47. Qd6 $11 {remains equal.}) 47... Ra8 (47... Ra2 $17) 48. Kg4 (48. Qc5 $11 {keeps the balance.}) 48... Rd7 49. Kh5 (49. Qb3 $15) 49... Kh7 50. Be2 (50. Kg4 $17) 50... Re8 $2 (50... Ra1 $1 $19 {[%cal Ra1e1]} 51. Kg4 Rh1) 51. Kg4 $17 Re5 52. Kf3 Rb5 $1 {[%cal Rb5b6]} 53. Qg1 Rb3 (53... Kg8 $17) 54. Qh2+ $11 Kg8 55. e5 {[#]} Bd8 $2 ({Better is} 55... g4+ $1 $11 56. Kf2 (56. Kxg4 Rb4+) 56... Re7) 56. Qh5 $16 {Black must now prevent Qe8+.} Re7 57. e6 (57. Qxg5 $16 {f6 is the strong threat.} Rb4 58. Kg3) 57... Rb5 $11 58. Qxg5 Re8 $1 59. Qg6 Rf8 60. Ke4 Rbxf5 61. Qxf5 Rxf5 62. Kxf5 $15 {[%mdl 4096] Endgame KB-KB} Be7 63. Bf3 {[#]} (63. d4 $11) 63... Kf8 (63... Bf6 $1 $17) 64. d4 Bd6 65. d5 c5 66. Be2 {The position is equal.} Ke7 67. Bb5 Bc7 68. Kg6 Be5 69. Kf5 Bf6 70. Bc4 Kd6 71. Kg6 $1 Ke7 {A wild game. Accuracy: White = 54%, Black = 54%.} 1/2-1/2

[Event "47th GER-ch Blitz 2020"]
[Site "Magdeburg"]
[Date "2020.08.15"]
[Round "21.8"]
[White "Schneider, Ilja"]
[Black "Siebrecht, Sebastian"]
[Result "1-0"]
[WhiteElo "2479"]
[BlackElo "2429"]
[Annotator "TA"]
[PlyCount "59"]
[EventDate "2020.07.28"]
[EventType "tourn"]
[EventCountry "GER"]
[SourceTitle "playchess.com"]
[Source "ChessBase"]
[SourceQuality "1"]

{[%evp 9,59,26,32,18,12,29,48,47,41,47,57,45,55,45,272,107,215,220,229,229,228,224,215,221,212,230,231,198,383,391,377,383,385,369,677,652,1085,1092,2416,943,29993,1700,29980,858,845,840,826,809,804,781,571,517]} 1. d4 g6 2. e4 Bg7 3. Nc3 d6 4. Nf3 a6 5. Bg5 b5 {[%cal Bb7b5,Bb5b4][%mdl 32]} 6. a4 {B06: Modern Defence.} b4 7. Nd5 {[%cal Bc3d5,Bd5e3,Be3c4][%mdl 32]} a5 8. Bc4 {White is slightly better.} c6 9. Ne3 {[#]} Ba6 $146 ({Predecessor:} 9... Nf6 10. Bxf6 exf6 11. O-O O-O 12. Re1 Re8 13. Qd3 Nd7 14. Qb3 Re7 15. d5 c5 {½-½ (49) Azarov,S (2575)-Saric,I (2690) chess.com INT 2019}) 10. O-O Bxc4 11. Nxc4 Nd7 $2 {[#]} (11... d5 $14) 12. Re1 $2 (12. Nxd6+ $1 $18 {[%mdl 512] has better winning chances.} Kf8 (12... exd6 13. Bxd8) 13. e5) 12... Qc7 (12... Nb6 $16 {might work better.}) 13. e5 $18 {And now exd6 would win.} d5 {[#]} 14. Nd6+ $1 Kf8 15. Nxf7 $1 {[%mdl 64] Remove Defender, Decoy} Kxf7 16. e6+ {[%mdl 64] Double Attack} Kf8 17. exd7 Qxd7 18. Ne5 Qd6 $2 (18... Bxe5 19. Rxe5 h6) 19. Qf3+ Nf6 20. Bf4 {Threatens to win with Nxg6+!} Qd8 21. Nxc6 {[%mdl 64] Double Attack, Discovered Attack} Qb6 $2 (21... Qd7) 22. Nxe7 Re8 23. Nxd5 Rxe1+ 24. Rxe1 {Nxf6 would kill now.} Qa6 25. Re8+ (25. Nxf6 $142 Qxf6 26. Qa8+ {[%mdl 64] Double Attack} Kf7 27. Qd5+ Kf8 28. Bd6+ Qxd6 29. Qxd6+ Kg8 30. Re8+ Kf7 31. Qe7#) 25... Kf7 26. Rxh8 (26. Re7+ $142 Kf8 27. Be5 b3 28. Qxb3 Qc8 29. Ra7 Qd7 30. Nxf6 Qxa7 31. Bd6+ Qe7 32. Qe6 {[%mdl 64] Pin} Bxf6 33. Qxf6+ {[%mdl 64] Double Attack, Pin} Kg8 34. Bxe7 h6 35. Qxg6#) 26... Bxh8 {White is clearly winning.} 27. Nxf6 Qxf6 28. Qd5+ Qe6 29. Qxe6+ Kxe6 30. Be5 {White took control after the opening. Accuracy: White = 75%, Black = 41%.} 1-0

[Event "47th GER-ch Blitz 2020"]
[Site "Magdeburg"]
[Date "2020.08.15"]
[Round "21.9"]
[White "Siebarth, Raiko"]
[Black "Langrock, Hannes"]
[Result "1-0"]
[WhiteElo "2333"]
[BlackElo "2346"]
[Annotator "TA"]
[PlyCount "101"]
[EventDate "2020.07.28"]
[EventType "tourn"]
[EventCountry "GER"]
[SourceTitle "playchess.com"]
[Source "ChessBase"]
[SourceQuality "1"]

{[%evp 12,101,26,8,48,22,50,23,25,26,18,29,56,-6,6,-162,-150,-141,-158,-225,-35,-31,-41,-73,-13,-7,-17,-20,0,0,0,-186,-189,-192,-182,-341,-243,-239,-176,-167,-164,-327,243,241,263,236,244,250,232,187,231,75,61,0,-8,-8,79,50,104,87,109,47,96,50,80,66,111,108,140,150,172,174,191,191,186,170,217,160,227,185,342,335,406,336,429,331,382,302,422,422,409,397]} 1. e4 c5 2. Nc3 e6 3. Nge2 Nc6 4. g3 d5 5. exd5 exd5 6. d4 Nf6 7. Bg2 Be7 {B24: Closed Sicilian: 3 g3 sidelines.} 8. Be3 cxd4 9. Nxd4 O-O {White has an edge.} 10. O-O Bg4 11. Qd2 Ne5 12. b3 (12. Bg5 $14) 12... Rc8 $11 13. h3 $2 (13. a3 $11 {and White stays safe.}) 13... Bb4 $19 {[#]} 14. Ndb5 $146 ({Predecessor:} 14. hxg4 Bxc3 15. Qe2 Bxa1 16. Rxa1 Nexg4 17. Bf4 Re8 18. Qd2 Ne4 19. Bxe4 dxe4 20. Rd1 Qd5 21. c4 Qh5 22. Be3 Ne5 23. Kg2 Nf3 24. Qe2 Qh2+ {0-1 (24) Sadvakasov,D (2611)-Milov,V (2632) playchess.com INT 2004}) 14... Bd7 {...Bxb5 is the strong threat.} 15. a3 {[#]} (15. Qd4 $17 {was necessary.} Nc6 16. Qd3) 15... Bxb5 $2 (15... Ne4 $1 $19 {[%cal Re4d2][%mdl 512]} 16. Qxd5 (16. Nxe4 Bxd2) 16... Nxc3 17. Qxe5 Re8) 16. axb4 $15 Bxf1 17. Kxf1 a6 (17... Nc6 $17 {White must now prevent ...d4.} 18. Bc5 Re8) 18. Nxd5 $11 Nxd5 19. Bxd5 Qd7 {And now ...Rcd8 would win.} 20. Kg2 Rxc2 {[#]} 21. Qd4 $2 (21. Bxf7+ $1 $11 {[%mdl 512] and White has nothing to worry.} Rxf7 (21... Qxf7 22. Qxc2) 22. Qxc2) 21... Nc6 $19 22. Qe4 {[#]} Nxb4 $1 {[%mdl 512]} 23. Bc4 $2 (23. Bxb7 h6 24. Ra4 (24. Qxb4 $2 Rb8 $19)) (23. Qxb4 Qxd5+) 23... Re8 24. Rd1 Qc8 ({And not} 24... Rxe4 25. Rxd7 Kf8 26. Bc5+ Ke8 27. Rxb7 $11) 25. Qf4 {[#]} Rf8 $1 26. Bf1 $2 (26. Bd2 a5 27. Bxb4 axb4 28. Bd5) 26... Rc7 $4 {[%mdl 8192]} (26... Qc6+ $19 {and life is good for Black.} 27. Qf3 Qxf3+ 28. Kxf3 Rc3) 27. Qxb4 $18 Re8 28. Bd3 h6 29. Bc4 Rd7 30. Re1 Rde7 31. Bd2 $2 (31. Bd5 $18 {is more deadly.}) 31... Qc6+ 32. f3 (32. Kg1 $1 $14 Rxe1+ 33. Bxe1) 32... Rxe1 $11 33. Bxe1 Qd7 (33... Re3 $11) 34. Qd2 Qc7 ({Black should play} 34... Qxd2+ $14 35. Bxd2 b5) 35. Bf2 Rd8 36. Qe2 (36. Qe1 $16) 36... b5 $14 37. Bd3 Qd7 38. Bc2 Qd5 39. b4 $36 {[%mdl 2048] White is on the roll.} Rc8 40. Be4 Qe6 41. Qd2 Re8 42. g4 Qe7 43. Bc5 Qe5 44. Bd4 Qe6 (44... Rd8 $16 45. Bxe5 Rxd2+ 46. Kg3 Rd1) 45. Bc3 Qe7 $2 (45... Qc4 46. h4 Kf8) 46. Qd4 $18 {[%csl Gc3][%cal Rd4g7]} Qf8 47. Bd5 Rd8 48. Qe5 Kh8 49. Be4 Re8 50. Qf5 {[%csl Ge4][%cal Rf5h7]} Rxe4 51. Qxe4 {A wild game. Accuracy: White = 46%, Black = 44%.} 1-0

[Event "47th GER-ch Blitz 2020"]
[Site "Magdeburg"]
[Date "2020.08.15"]
[Round "21.10"]
[White "Hess, Max"]
[Black "Holtel, Jasper"]
[Result "0-1"]
[WhiteElo "2378"]
[BlackElo "2305"]
[Annotator "TA"]
[PlyCount "50"]
[EventDate "2020.07.28"]
[EventType "tourn"]
[EventCountry "GER"]
[SourceTitle "playchess.com"]
[Source "ChessBase"]
[SourceQuality "1"]

{[%evp 15,50,20,31,39,33,39,30,41,0,0,0,-18,-33,-28,-18,-33,65,64,82,-10,-9,-82,-73,-371,-350,-427,-388,-472,-508,-821,-813,-744,-428,-423,-412,-735,-724]} 1. e4 Nf6 2. e5 Nd5 3. d4 d6 4. Nf3 g6 5. Bc4 Nb6 6. Bb3 Bg7 7. Ng5 e6 $1 {7...e6 is better than 7...d5.} 8. Qf3 O-O 9. Qh3 {[%csl Gg5][%cal Rh3h7] [#] B04: Alekhine's Defence: 4 Nf3.} h6 $1 {[%cal Rh6g5]} 10. Ne4 dxe5 11. Bxh6 {White has an edge.} exd4 12. Ng5 {And now Nd2 would win.} Qf6 13. Nd2 {[#] Black must now prevent Nde4.} Bxh6 $1 14. Qxh6 {[%csl Gg5][%cal Rh6h7]} Qg7 15. Qh4 {[#]} Qh8 $146 (15... Nd5 $15) ({Predecessor:} 15... N8d7 16. Nde4 c5 17. Nxe6 fxe6 18. Bxe6+ Rf7 19. Qe7 Qf8 20. Qg5 Kg7 21. Bxf7 Qxf7 {1-0 (66) Mandl,R (2280)-Hartmann,G Germany 1987}) 16. Qg3 $1 $14 Nc6 {[%cal Bb8c6,Bc6a5,Ba5b3,Bb3a1][%mdl 32]} 17. Nde4 (17. O-O-O $16) 17... Na5 $1 $11 18. Qf4 (18. h4 $11 {remains equal.}) 18... f5 $36 {[%mdl 2048] Black is in control.} 19. Nxe6 $2 {[%mdl 8192] This move loses the game for White.} (19. Nc5 $17 {was called for.} Nxb3 20. axb3) 19... Nxb3 $19 20. Nxf8 Nxa1 21. Nxg6 Qg7 22. Qg5 (22. Ng3 $142 Qxg6 23. Kd2) 22... fxe4 23. O-O Be6 24. Rxa1 Nd5 25. Qh5 (25. Re1 $142 e3 26. h4) 25... Bf7 {Accuracy: White = 34%, Black = 86%.} 0-1

[Event "47th GER-ch Blitz 2020"]
[Site "Magdeburg"]
[Date "2020.08.15"]
[Round "21.11"]
[White "Kopylov, Michael"]
[Black "Voege, Tobias"]
[Result "0-1"]
[WhiteElo "2407"]
[BlackElo "2326"]
[Annotator "TA"]
[PlyCount "67"]
[EventDate "2020.07.28"]
[EventType "tourn"]
[EventCountry "GER"]
[SourceTitle "playchess.com"]
[Source "ChessBase"]
[SourceQuality "1"]

{[%evp 19,67,10,3,0,0,0,0,0,0,0,110,94,132,131,237,130,114,89,91,97,84,85,84,84,88,80,87,87,70,6,44,-818,-772,-772,-812,-799,-808,-792,-729,-807,-806,-777,-776,-769,-762,-750,-741,-815,-818,-29953]} 1. Nf3 c5 2. g3 g6 3. Bg2 Bg7 4. c4 Nf6 5. O-O O-O 6. d4 cxd4 7. Nxd4 Nc6 8. Nc3 Nxd4 9. Qxd4 d6 10. Rd1 Be6 {is the legacy move (10...a6).} 11. Bxb7 {A39: Symmetrical English vs ...g6: 4 Bg2 Bg7 5 Nf3 Nf6 6 0-0 0-0 7 d4.} Rb8 12. Bf3 ({Wrong is} 12. Qxa7 $2 Qc7 $19) 12... Nd5 13. Qxa7 {The position is equal.} Nxc3 14. bxc3 {[#]} Bxc4 $146 (14... Bxc3 $11 15. Bh6 Bxa1 16. Rxa1 Re8) ({Predecessor:} 14... Bxc3 15. Bh6 Bxa1 16. Bxf8 Bf6 17. Bh6 Bxc4 18. a4 d5 19. e4 Ra8 20. Qc5 Bb3 {1-0 (63) Meskovs,N (2490)-Swapnil,S (2527) chess.com INT 2017}) 15. Bg5 $16 f6 {[#]} 16. Be3 $1 Rb2 (16... e6 $16) 17. Rdb1 (17. a4 $18) 17... Qb8 18. Qxb8 Rfxb8 19. Rxb2 Rxb2 20. a4 {[%cal Ba2a4,Ba4a5][%mdl 32]} f5 21. a5 {And now a6 would win.} Ba6 22. Bd4 e5 {[#]} 23. Bd5+ $1 Kf8 24. Bb6 ({Better is} 24. Be3 $14) 24... Rxe2 25. Ra4 $2 {[%mdl 8192] Loses the game.} (25. c4 $14) 25... Re1+ $19 {Black is clearly winning.} 26. Kg2 Bf1+ 27. Kf3 e4+ {[%mdl 64] Discovered Attack} 28. Bxe4 fxe4+ 29. Rxe4 {[#]} Bg2+ $1 {[%mdl 576] Skewer, Deflection} 30. Kxg2 Rxe4 31. Kf3 Ra4 32. c4 Bc3 33. Ke4 Bxa5 34. Kd4 {Accuracy: White = 60%, Black = 65%.} 0-1